Crescere nelle famiglie omosessuali : un approccio psicologico /

সংরক্ষণ করুন:
গ্রন্থ-পঞ্জীর বিবরন
অন্যান্য লেখক: Dèttore, Davide, (1954-), Parretta, Alice
বিন্যাস: গ্রন্থ
ভাষা:ইতালিয়
প্রকাশিত: Roma : Carocci, 2013
মালা:Biblioteca di testi e studi ; 865
বিষয়গুলি:
ট্যাগগুলো: ট্যাগ যুক্ত করুন
কোনো ট্যাগ নেই, প্রথমজন হিসাবে ট্যাগ করুন!

MARC

LEADER 00000nam a22000001i 4500
001 IT\ICCU\UBO\4044443
003 ItRI
005 20260115232430.0
008 131118s2013 it |||||| ||||| |||||c
040 |b ita  |c importazione bologna sebina 
041 7 |a ita  |2 ISO-639-2 
245 0 0 |a Crescere nelle famiglie omosessuali :  |b un approccio psicologico /  |c a cura di Davide Dèttore e Alice Parretta. 
260 |a Roma :  |b Carocci,  |c 2013 
300 |a 167 p. ;  |c 22 cm 
650 7 |a Fanciulli  |x Rapporti con i genitori  |x Aspetti psicologici  |2 scbi 
650 7 |a Genitori omosessuali 
700 1 |a Dèttore, Davide,  |d  (1954-)  |0 IT\ICCU\CFIV\066365 
700 1 |a Parretta, Alice  |0 IT\ICCU\UBOV\363729 
830 0 |a Biblioteca di testi e studi ;  |v 865  |0 IT\ICCU\VIA\0041809 
942 |2 ddc  |c BK  |n 0 
952 |0 0  |1 0  |4 0  |6 DOC_306_874000000000000_DET  |7 0  |9 25652  |a BO  |b BO  |d 2026-01-15  |i 17615  |l 0  |o DOC 306.874 DET  |p BO17615  |r 2026-01-15 23:24:30  |w 2026-01-15  |x [Sebina 5] [1 v.]  |y BK  |z 1 v. 
999 |c 21767  |d 21767